Premier League Appearances by Nationality: Netherlands - Statistics

General Stats
  • This quiz has been taken 26 times
  • The average score is 5 of 10
Answer Stats
Appearances Player % Correct
280 Robin van Persie
100%
313 Edwin van der Sar
87%
325 Virgil van Dijk
83%
315 Dennis Bergkamp
65%
288 Jimmy-Floyd Hasselbaink
57%
247 Nathan Ake
48%
222 Tim Krul
26%
384 George Boateng
17%
284 Mario Melchiot
13%
225 Erik Pieters
4%
No matching quizzes found
Score Distribution
Percent of People with Each Score
Percentile by Number Answered
Your Score History
You have not taken this quiz